DECODING THE DOSE:EVOLUTION OF THE CONCEPTS (Record no. 20424)

MARC details
000 -LEADER
fixed length control field 00300nam a22001337a 4500
003 - CONTROL NUMBER IDENTIFIER
control field SGT
082 ## - DEWEY DECIMAL CLASSIFICATION NUMBER
Classification number 615.532
Item number D16G
100 ## - MAIN ENTRY--PERSONAL NAME
Personal name GOEL,SUMIT
245 ## - TITLE STATEMENT
Title DECODING THE DOSE:EVOLUTION OF THE CONCEPTS
260 ## - PUBLICATION, DISTRIBUTION, ETC. (IMPRINT)
Place of publication, distribution, etc INDIA
Name of publisher, distributor, etc B.JAIN PUB
Year of Publication 2016
300 ## - PAGE DESCRIPTION
No. of Pages 255
650 ## - SUBJECT ADDED ENTRY--TOPICAL TERM
Topical term or geographic name as entry element HOMEOPATHIC
942 ## - ADDED ENTRY ELEMENTS (KOHA)
Source of classification or shelving scheme Dewey Decimal Classification
Koha item type Books
Holdings
Withdrawn status Lost status Source of classification or shelving scheme Damaged status Not for loan Home library Current library Shelving location Date acquired Vendor Name Cost, normal purchase price SGTU Bill Number Total Checkouts Full call number Accession No. (Barcode) Date last seen Bill Date Koha item type
    Dewey Decimal Classification     Homeopathy Library Homeopathy Library Text Book 04/08/2020 AHUJA PUB 199.00 SGTU 147010   615.532 D16G FH1734 04/08/2020 02/09/2016 Books
    Dewey Decimal Classification     Homeopathy Library Homeopathy Library Text Book 04/08/2020 AHUJA PUB 199.00 SGTU 147010   615.532 D16G FH1735 04/08/2020 02/09/2016 Books
    Dewey Decimal Classification     Homeopathy Library Homeopathy Library Text Book 04/08/2020 AHUJA PUB 199.00 SGTU 147010   615.532 D16G FH1736 04/08/2020 02/09/2016 Books
    Dewey Decimal Classification     Homeopathy Library Homeopathy Library Text Book 04/08/2020 AHUJA PUB 199.00 SGTU 147010   615.532 D16G FH1737 04/08/2020 02/09/2016 Books
    Dewey Decimal Classification     Homeopathy Library Homeopathy Library Text Book 04/08/2020 AHUJA PUB 199.00 SGTU 147010   615.532 D16G FH1738 04/08/2020 02/09/2016 Books
    Dewey Decimal Classification     Homeopathy Library Homeopathy Library Text Book 04/08/2020 AHUJA PUB 199.00 SGTU 147010   615.532 D16G FH1739 04/08/2020 02/09/2016 Books
    Dewey Decimal Classification     Homeopathy Library Homeopathy Library Text Book 04/08/2020 AHUJA PUB 199.00 SGTU 147010   615.532 D16G FH1740 04/08/2020 02/09/2016 Books
    Dewey Decimal Classification     Homeopathy Library Homeopathy Library Text Book 04/08/2020 AHUJA PUB 199.00 SGTU 147010   615.532 D16G FH1741 04/08/2020 02/09/2016 Books